NBA Top Single Game Performances by Year - Statistics

General Stats
  • This quiz has been taken 248 times
  • The average score is 17 of 48
Answer Stats
Answer % Correct
LeBron James
96%
Kobe Bryant
92%
Stephen Curry
90%
Shaquille O'Neal
85%
Chris Paul
79%
James Harden
79%
Russell Westbrook
73%
Steve Nash
69%
Tim Duncan
69%
DeAndre Jordan
68%
Allen Iverson
65%
Devin Booker
63%
Dwight Howard
63%
Jason Kidd
58%
Damian Lillard
57%
Carmelo Anthony
54%
Luka Doncic
52%
Andre Drummond
49%
Rudy Gobert
46%
Kyrie Irving
45%
Rajon Rondo
45%
Tracy McGrady
41%
Ben Wallace
38%
Kevin Love
38%
Karl-Anthony Towns
31%
Deron Williams
28%
Dikembe Mutombo
23%
Gary Payton
19%
Hassan Whiteside
13%
Nikola Vucevic
12%
Marcus Camby
10%
Andrew Bynum
8%
Jonas Valanciunas
8%
Will Bynum
8%
Brandon Jennings
5%
Enes Kanter
4%
Jerry Stackhouse
3%
Timofey Mozgov
3%
Erick Dampier
2%
Brevin Knight
1%
Darren Collison
1%
Jamaal Tinsley
1%
Nick Van Exel
1%
Andris Biedrins
0%
Chris Duhon
0%
George McCloud
0%
Joel Przybilla
0%
Ramon Sessions
0%
No matching quizzes found
Score Distribution
Percent of People with Each Score
Percentile by Number Answered
Your Score History
You have not taken this quiz